| 000 | 00335nam a2200145Ia 4500 | ||
|---|---|---|---|
| 008 | 230917s9999||||xx |||||||||||||| ||und|| | ||
| 040 |
_e49337 _aMAIN |
||
| 041 | _aEnglish | ||
| 082 | _a954.03 G959L | ||
| 100 | _aGupta, Anand | ||
| 245 | 0 | _aLenin in India | |
| 260 |
_aDelhi _bNew Literature _c1980 |
||
| 300 | _a160 p. | ||
| 942 | _cBK | ||
| 999 |
_c45550 _d45550 |
||